000
002440000a22000970004500
100
1
_a
Powell, David R.
245
1
0
_a
Semilla que dá fruto
300
_a
Vol. 54, Núm 243 (1999), Páginas 8-9
773
0
_t
La Biblia de las Américas
942
_c
ANA
999
_c
51548
_d
51548